Ο οδηγός του 3DS MAX 4
Αποθηκεύτηκε σε:
| Κύριος συγγραφέας: | |
|---|---|
| Μορφή: | Βιβλίο |
| Γλώσσα: | Greek English |
| Δημοσίευση: |
Αθήνα :
Β. Γκιούρδας Εκδοτική,
2002.
|
| Θέματα: | |
| Ετικέτες: |
Προσθήκη ετικέτας
Δεν υπάρχουν, Καταχωρήστε ετικέτα πρώτοι!
|
MARC
| LEADER | 00000cam a2200000 i 4500 | ||
|---|---|---|---|
| 001 | 1/69254 | ||
| 008 | 041223s2002 gr | ||| |||| ||gre|| | ||
| 020 | |a 9603871141 | ||
| 035 | |l 10075923 | ||
| 040 | |a GR-MyUa |b gre |e AACR2 | ||
| 041 | 1 | |a gre |h eng | |
| 082 | 7 | |a 006.696 |2 (21) | |
| 100 | 1 | |a Boardman, Ted. | |
| 245 | 1 | 2 | |a Ο οδηγός του 3DS MAX 4 / |c Ted Boardman ; απόδοση: Παναγιώτης Κοκκώσης. |
| 260 | |a Αθήνα : |b Β. Γκιούρδας Εκδοτική, |c 2002. | ||
| 300 | |a xvi, 512 σ. : |b εικ. ; |c 24 εκ. + |e 1 οπτική δισκέτα λέιζερ Η/Υ (4 3/4 ιν.) | ||
| 500 | |a Περιλαμβάνει ευρετήριο. | ||
| 500 | |a Τίτλος πρωτοτύπου: 3DS MAX 4 fundamentals. | ||
| 630 | 0 | 0 | |a 3ds max (Computer file) |
| 650 | 0 | |a Computer graphics. | |
| 650 | 0 | |a Computer animation. | |
| 852 | |a INST |b SYROS |e 20041223 |h 006.696 BOA |p 005500003714 |q 005500003714 |t BK |y 0 | ||
| 852 | |a INST |b SYROS |e 20041223 |h 006.696 BOA |p 005500003713 |q 005500003713 |t BK |y 0 | ||
| 901 | |a BIBL5-2004-3 | ||
| 920 | |a ΔΙΕΥΡΥΝΣΗ |b ΕΠΕΑΕΚ-ΤΜΣΠΣ |y Σύρος |z 2004-10 | ||
| 970 | |a Κοντού |b Παραασκευή |z 23/12/2004 | ||